ロード中...

Kadinte Vili

書誌詳細
第一著者: Jack London
出版事項: D C Books 2010
LEADER 00166 a2200085 4500
100 |a Jack London 
245 |a Kadinte Vili 
260 |c 2010  |b D C Books 
942 |c BK  |6 _ 
999 |c 67945  |d 67945